Las convenciones en los libros para niños /
¿Qué es lo adecuado en un libro para chicos? ¿Cuándo la literatura puede considerarse infantil? No podemos negar que existen reglas y restricciones que condicionan estos libros. Analizamos aquellos que desafían las reglas y empujan los límites. Testimonios de María Teresa Andruetto, Isol y otros ref...
Guardado en:
| Autor Principal: | |
|---|---|
| Autor Corporativo: | |
| Formato: | |
| Publicado: |
Argentina,
2007
|
| Series: | Había Una Vez /
|
| Materias: | |
| Acceso en línea: | https://www.educ.ar/recursos/100845/las-convenciones-en-los-libros-para-ninos |
| Etiquetas: |
Agregar Etiqueta
Sin Etiquetas, Sea el primero en etiquetar este registro!
|
| LEADER | 01351ngm a22003015g 4500 | ||
|---|---|---|---|
| 001 | CEM.cems024115 | ||
| 008 | 130507s2007##################0###0#####d | ||
| 005 | 20250820172124.0 | ||
| 245 | 1 | 0 | |a Las convenciones en los libros para niños / |c Mariano Mucci y Leticia Schilman. |
| 260 | |a Argentina, |c 2007 | ||
| 300 | |a 28'. | ||
| 490 | 0 | |a Había Una Vez / | |
| 520 | |a ¿Qué es lo adecuado en un libro para chicos? ¿Cuándo la literatura puede considerarse infantil? No podemos negar que existen reglas y restricciones que condicionan estos libros. Analizamos aquellos que desafían las reglas y empujan los límites. Testimonios de María Teresa Andruetto, Isol y otros referentes. Además, la versión original de La sirenita, de Hans Christian Andersen. | ||
| 538 | |a Soporte: DVD - Grabación DRD | ||
| 500 | |a Consultar en ventanilla. | ||
| 100 | 1 | |a Mucci, Mariano. | |
| 710 | 2 | |a Canal Encuentro. | |
| 082 | 8 | 6 | |/ PES |
| 653 | |a LITERATURA | ||
| 653 | |a LITERATURA INFANTIL | ||
| 653 | |a PESCETTI | ||
| 653 | |a GÉNERO LITERARIO | ||
| 653 | |a MARÍA TERESA ANDRUETTO | ||
| 653 | |a LA SIRENITA | ||
| 653 | |a HANS CHRISTIAN ANDERSEN | ||
| 653 | |a PROGRAMA DE TELEVISIÓN | ||
| 856 | |u https://www.educ.ar/recursos/100845/las-convenciones-en-los-libros-para-ninos | ||
| 859 | |a CEMS |b BIB. CEMS - Depto. Recursos Didacticos |h 868 |i PES |k DRD |p 2758.19 |t Ej.1 | ||
